Vzdelávanie pre potreby automobilového priemyslu

Rozhovor s Ing. Antonom Doktorovom, PhD., námestníkom riaditeľa ŠIOV a s hlavným manažérom projektu PaedDr. Ľubomírom Galbavým, o tvorbe nových vzdelávacích programov v odbornom vzdelávaní pre potreby automobilového priemyslu.

Saved in:
Bibliographic Details
Main Author: Polák, Jozef
Other Authors: Doktorov, Anton, Galbavý, Ľubomír
Format: Book Chapter
Language:Slovak
Subjects:
Tags: Add Tag
No Tags, Be the first to tag this record!

MARC

LEADER 00000naa$a2200000$$$4500
001 0108239
005 20231010125103.5
041 0 |a slo 
044 |a SK 
245 1 0 |a Vzdelávanie pre potreby automobilového priemyslu  |c Jozef Polák, Anton Doktorov, Ľubomír Galbavý 
520 |a Rozhovor s Ing. Antonom Doktorovom, PhD., námestníkom riaditeľa ŠIOV a s hlavným manažérom projektu PaedDr. Ľubomírom Galbavým, o tvorbe nových vzdelávacích programov v odbornom vzdelávaní pre potreby automobilového priemyslu. 
610 2 0 |a vzdelávanie 
610 2 0 |a sústava výchovno-vzdelávacia 
610 2 0 |a programy študijné 
610 2 0 |a manažéri 
610 2 0 |a škola a prax 
610 2 0 |a priemysel automobilový 
100 1 |a Polák, Jozef 
700 1 |a Doktorov, Anton 
700 1 |a Galbavý, Ľubomír